【JA】埼京線 - Statistics

General Stats
  • This quiz has been taken 64 times
  • The average score is 15 of 19
Answer Stats
ナンバリング 所在地 駅名 % Correct
JA11 東京都 新宿区 新宿
88%
JA18 埼玉県 戸田市 戸田公園
88%
JA19 埼玉県 戸田市 戸田
88%
JA12 東京都 豊島区 池袋
86%
JA26 埼玉県 さいたま市大宮区 大宮
86%
JA08 東京都 品川区 大崎
84%
JA10 東京都 渋谷区 渋谷
84%
JA15 東京都 北区 赤羽
84%
JA09 東京都 渋谷区 恵比寿
81%
JA14 東京都 北区 十条
81%
JA13 東京都 北区 板橋
79%
JA20 埼玉県 戸田市 北戸田
77%
JA21 埼玉県 さいたま市南区 武蔵浦和
77%
JA16 東京都 北区 北赤羽
74%
JA17 東京都 北区 浮間舟渡
74%
JA24 埼玉県 さいたま市中央区 与野本町
70%
JA23 埼玉県 さいたま市中央区 南与野
67%
JA25 埼玉県 さいたま市中央区 北与野
67%
JA22 埼玉県 さいたま市南区 中浦和
63%
No matching quizzes found
Score Distribution
Percent of People with Each Score
Percentile by Number Answered
Your Score History
You have not taken this quiz